Top 30 Nicki Minaj Songs - Statistics

General Stats
  • This quiz has been taken 2 times
  • The average score is 7 of 30
Answer Stats
# Song Rating % Correct
13. Starships 80
100%
19. Anaconda 77
50%
12. Barbie Dreams 81
50%
18. Bed of Lies 77
50%
14. BedRock 79
50%
5. Chun-Li 83
50%
23. Fly 76
50%
16. Good Form 78
50%
22. I Lied 76
50%
7. Moment 4 Life 81
50%
24. MotorSport 76
50%
4. The Night Is Still Young 83
50%
20. Tusa 77
50%
8. All Things Go 81
0%
28. Best I Ever Had 73
0%
2. Feeling Myself 86
0%
15. Found the Alarm 78
0%
26. Ganja Burn 75
0%
10. Get On Your Knees 81
0%
6. Grand Prize 83
0%
30. I Get Crazy 73
0%
11. Itty Bitty Piggy 81
0%
25. Only 76
0%
3. Pills N Potions 85
0%
21. Poke It Out 76
0%
27. Roman Holiday 75
0%
1. Saxon 86
0%
9. The Crying Game 81
0%
17. Want Some More 77
0%
29. Whip It 73
0%
No matching quizzes found
Score Distribution
Percent of People with Each Score
Percentile by Number Answered
Your Score History
You have not taken this quiz